000 00678nam a2200217Ia 4500
003 GCL
008 140319s9999 xx 000 0 ara d
040 _aGCL /
_cGCL
082 0 4 _a910.02
_bك ب
100 1 _aعبدالعزيز محمود
245 1 0 _aالبحر المحيط بنا /
_cعبدالعزيز محمود
700 1 _aاحمد مختار الجمال
700 1 _aكارسون، راشل ل
700 1 _aحنفى احمد
300 _a245 ص
490 _aالالف كتاب
_v0
650 0 4 _aالجغرافيا الطبيعية
650 0 4 _aالبحار والمحيطات
650 0 4 _aجيولوجيا اعماق البحار
942 _2ddc
_cBK
999 _c49601
_d49601